Cẩm nang sử dụng mẫu câu đặc biệt trong tiếng Anh Special sentence patterns in English
Guardat en:
| Autor principal: | |
|---|---|
| Format: | Llibre |
| Idioma: | Vietnamese |
| Publicat: |
Hà Nội
Thanh Niên
2008
|
| Matèries: | |
| Etiquetes: |
Afegir etiqueta
Sense etiquetes, Sigues el primer a etiquetar aquest registre!
|
| Thư viện lưu trữ: | Trung tâm Học liệu Lê Vũ Hùng, Trường Đại học Đồng Tháp |
|---|
| LEADER | 00768pam a22002298a 4500 | ||
|---|---|---|---|
| 001 | 00030453 | ||
| 005 | 20171026081023.0 | ||
| 008 | 130319s2008 ||||||viesd | ||
| 020 | # | # | |a 22000đ |
| 041 | 0 | # | |a vie |
| 082 | 1 | 4 | |a 428 |b C120N |
| 100 | 1 | # | |a Đinh, Kim Quốc Bảo |
| 245 | 1 | 0 | |a Cẩm nang sử dụng mẫu câu đặc biệt trong tiếng Anh |b Special sentence patterns in English |c Đinh Kim Quốc Bảo |
| 260 | # | # | |a Hà Nội |b Thanh Niên |c 2008 |
| 300 | # | # | |a 215 tr. |c 18 cm. |
| 653 | # | # | |a Cẩm nang |
| 653 | # | # | |a Mẫu câu |
| 653 | # | # | |a Tiếng Anh |
| 852 | # | # | |b Kho đọc |j KD.0004436 |
| 852 | # | # | |j KD.0004436 |
| 910 | |d 19/03/2013 | ||
| 980 | # | # | |a Trung tâm Học liệu Lê Vũ Hùng, Trường Đại học Đồng Tháp |